|
|
|
|
| LEADER |
01153cam a2200253 i 4500 |
| 001 |
20350522 |
| 003 |
GR-PaULI |
| 005 |
20231228124452.0 |
| 008 |
180202s2017 gr 000 0 gre c |
| 010 |
|
|
|a 2017054704
|
| 020 |
|
|
|a 9789600118605
|
| 040 |
|
|
|a GR-PaULI
|b gre
|c GR-PaULI
|e AACR2
|d
|
| 041 |
1 |
|
|a gre
|h lat
|
| 082 |
0 |
4 |
|a 875.01
|2 23
|
| 100 |
0 |
|
|a Τάκιτος
|e συγγραφέας.
|9 27175
|d
|
| 245 |
1 |
4 |
|a Διάλογος περί ρητόρων /
|b
|c Τάκιτος ; εισαγωγή, μετάφραση, σημειώσεις Γιώργος Κεντρωτής.
|
| 260 |
|
|
|a Αθήνα :
|b Gutenberg,
|c 2017.
|
| 300 |
|
|
|a 243 σ. ;
|c 24 εκ.
|
| 504 |
|
|
|a Περιλαμβάνει βιβλιογραφία.
|
| 600 |
0 |
4 |
|a Τάκιτος
|9 77099
|x Ερμηνεία και κριτική.
|
| 700 |
|
|
|a Κεντρωτής, Γιώργος Δ.,
|d 1958-
|e συγγραφέας εισαγωγής,
|e μεταφραστής.
|9 8611
|
| 942 |
|
|
|2 ddc
|c BK
|
| 952 |
|
|
|0 0
|1 0
|2 ddc
|4 0
|6 875_010000000000000_ΤΑΚ
|7 0
|9 375981
|a LISP
|b LISP
|c BSC
|d 2023-12-28
|i 263185
|l 0
|o 875.01 ΤΑΚ
|p 025000305595
|r 2023-12-28 00:00:00
|t 1
|w 2023-12-28
|y BK15
|
| 999 |
|
|
|c 219101
|d 219101
|